[Event "29. Grecia ch femenino"]
[Site "Atenas GRE"]
[Date "2006.12.01"]
[Round "7.4"]
[White "Stiri, Alexandra"]
[Black "Fakhiridou, Ekaterini"]
[Result "1/2-1/2"]
[WhiteElo "2252"]
[BlackElo "2285"]
[PlyCount "138"]
[EventDate "2006.11.27"]
[EventType "tourn"]
[EventRounds "9"]
[EventCountry "GRE"]
[Source "lmi"]
[SourceDate "2006.11.27"]

1. e4 c5 2. Nf3 g6 3. d4 Bg7 4. dxc5 Qa5+ 5. Nbd2 Qxc5 6. Bd3 d6 7. O-O Nc6 8.
c3 Nf6 9. Qe2 O-O 10. Nc4 Qh5 11. h3 Be6 12. Ne3 Nd7 13. Bd2 Nc5 14. Bc2 Ne5
15. Nd4 Qxe2 16. Nxe2 Nc4 17. Nxc4 Bxc4 18. Rfe1 Nd3 19. Bxd3 Bxd3 20. Nf4 Ba6
21. Nd5 e6 22. Nc7 Rab8 23. Nxa6 bxa6 24. b3 Rfc8 25. Rac1 a5 26. c4 a4 27. b4
a3 28. Rc2 Rc6 29. Re3 Bb2 30. Rd3 Rbc8 31. f3 Rxc4 32. Rxc4 Rxc4 33. Rxd6 Be5
34. Rd3 Bb2 35. Bh6 Rc8 36. b5 f5 37. exf5 gxf5 38. Be3 Rb8 39. Rb3 Rb7 40. Bc5
Rc7 41. Bxa3 Rc1+ 42. Kf2 Bd4+ 43. Ke2 Ra1 44. Kd3 Bg7 45. Bb2 Rxa2 46. Bxg7
Kxg7 47. g4 Kf6 48. Ke3 h6 49. Kf4 Ra4+ 50. Kg3 h5 51. gxh5 Kg5 52. h6 f4+ 53.
Kf2 Ra2+ 54. Ke1 Kxh6 55. b6 axb6 56. Rxb6 Kg5 57. Rxe6 Kh4 58. Rg6 Kxh3 59.
Rg4 Ra4 60. Ke2 Rc4 61. Kd3 Rb4 62. Rg8 Ra4 63. Rg4 Rb4 64. Kc3 Ra4 65. Kb3 Re4
66. Kc2 Re3 67. Rxf4 Kg3 68. Rf7 Rxf3 69. Rxf3+ Kxf3 1/2-1/2

[Event "29. Grecia ch femenino"]
[Site "Atenas GRE"]
[Date "2006.12.01"]
[Round "7.5"]
[White "Botsari, Anna Maria"]
[Black "Sperdokli, Elli"]
[Result "1-0"]
[WhiteElo "2351"]
[BlackElo "2111"]
[PlyCount "57"]
[EventDate "2006.11.27"]
[EventType "tourn"]
[EventRounds "9"]
[EventCountry "GRE"]
[Source "lmi"]
[SourceDate "2006.11.27"]

1. d4 Nf6 2. c4 c5 3. d5 e6 4. Nc3 exd5 5. cxd5 d6 6. e4 g6 7. f3 Bg7 8. Bg5
O-O 9. Qd2 a6 10. a4 h6 11. Be3 Re8 12. Be2 h5 13. Bg5 Qc7 14. h4 Nbd7 15. Nh3
Ne5 16. Nf2 Bd7 17. O-O Nh7 18. Bh6 Qd8 19. Bxg7 Kxg7 20. f4 Ng4 21. Nxg4 Bxg4
22. Bxg4 hxg4 23. g3 f5 24. Rae1 Qf6 25. e5 dxe5 26. fxe5 Rxe5 27. Ne4 Qb6 28.
Qc3 c4+ 29. Nf2 1-0

[Event "29. Grecia ch femenino"]
[Site "Atenas GRE"]
[Date "2006.12.02"]
[Round "8.1"]
[White "Fakhiridou, Ekaterini"]
[Black "Makropoulou, Marina"]
[Result "1/2-1/2"]
[WhiteElo "2285"]
[BlackElo "2313"]
[PlyCount "28"]
[EventDate "2006.11.27"]
[EventType "tourn"]
[EventRounds "9"]
[EventCountry "GRE"]
[Source "lmi"]
[SourceDate "2006.11.27"]

1. e4 e5 2. Nf3 Nc6 3. d4 exd4 4. Nxd4 Bc5 5. Nxc6 Qf6 6. Qd2 dxc6 7. Nc3 Be6
8. Bd3 O-O-O 9. Qf4 Qe7 10. O-O f6 11. e5 Rd4 12. Qe3 Rh4 13. Qe1 fxe5 14. Ne4
Nf6 1/2-1/2

[Event "29. Grecia ch femenino"]
[Site "Atenas GRE"]
[Date "2006.12.02"]
[Round "8.2"]
[White "Papadopoulou, Vera"]
[Black "Botsari, Anna Maria"]
[Result "1/2-1/2"]
[WhiteElo "2246"]
[BlackElo "2351"]
[PlyCount "45"]
[EventDate "2006.11.27"]
[EventType "tourn"]
[EventRounds "9"]
[EventCountry "GRE"]
[Source "lmi"]
[SourceDate "2006.11.27"]

1. d4 d5 2. Nf3 Nc6 3. Bf4 Bg4 4. e3 e6 5. Nbd2 Bd6 6. c3 Nge7 7. Qb3 Rb8 8.
Bd3 O-O 9. O-O Ng6 10. Bxd6 cxd6 11. Bxg6 hxg6 12. h3 Bxf3 13. Nxf3 g5 14. Qd1
f5 15. Nd2 Qe8 16. c4 dxc4 17. Nxc4 d5 18. Nd2 Qg6 19. Qf3 Qh6 20. Qg3 f4 21.
Qg4 Rf5 22. Nf3 Qf6 23. Rae1 1/2-1/2

[Event "29. Grecia ch femenino"]
[Site "Atenas GRE"]
[Date "2006.12.02"]
[Round "8.4"]
[White "Sperdokli, Elli"]
[Black "Pavlogianni, Despina"]
[Result "1-0"]
[WhiteElo "2111"]
[BlackElo "1951"]
[PlyCount "89"]
[EventDate "2006.11.27"]
[EventType "tourn"]
[EventRounds "9"]
[EventCountry "GRE"]
[Source "lmi"]
[SourceDate "2006.11.27"]

1. e4 c5 2. Nf3 d6 3. d4 cxd4 4. Qxd4 Nc6 5. Bb5 Bd7 6. Bxc6 Bxc6 7. Nc3 e5 8.
Qd3 Nf6 9. Bg5 Be7 10. Bxf6 Bxf6 11. O-O-O Be7 12. Nd5 Bxd5 13. Qxd5 Qb6 14.
Rd3 Qc6 15. Qxc6+ bxc6 16. Nd2 O-O-O 17. Nc4 f6 18. Na5 Kd7 19. Nb7 Rb8 20.
Nxd6 Ke6 21. Nf5 g6 22. Nxe7 Kxe7 23. Rhd1 Rb7 24. Rd6 Rc8 25. b3 c5 26. c4
Rbc7 27. Ra6 Rf8 28. Rd5 Re8 29. Rdd6 f5 30. exf5 gxf5 31. Re6+ Kf7 32. Rf6+
Kg7 33. Rxf5 Rd7 34. Rg5+ Kh8 35. Rc6 Red8 36. Rxc5 Rd1+ 37. Kb2 R1d2+ 38. Ka3
Rxf2 39. Rcxe5 h6 40. Rg6 Kh7 41. Ree6 h5 42. Rh6+ Kg7 43. Rxh5 Rxg2 44. h4
Rdd2 45. Rg5+ 1-0

[Event "29. Grecia ch femenino"]
[Site "Atenas GRE"]
[Date "2006.12.02"]
[Round "8.5"]
[White "Stiri, Alexandra"]
[Black "Pambalou, Fotini"]
[Result "1-0"]
[WhiteElo "2252"]
[BlackElo "2177"]
[PlyCount "109"]
[EventDate "2006.11.27"]
[EventType "tourn"]
[EventRounds "9"]
[EventCountry "GRE"]
[Source "lmi"]
[SourceDate "2006.11.27"]

1. e4 e5 2. Nf3 Nc6 3. d4 exd4 4. Nxd4 Bc5 5. Nf5 g6 6. Ne3 d6 7. Nc3 Nf6 8.
Bd3 h5 9. h3 a6 10. O-O h4 11. Ned5 Nh5 12. Be3 Bxe3 13. Nxe3 Qg5 14. Ncd5 Kd8
15. f4 Qh6 16. e5 dxe5 17. fxe5 Be6 18. Ng4 Qf8 19. Bxg6 Qc5+ 20. Nde3+ Ke7 21.
Bxh5 Rxh5 22. Kh1 Nxe5 23. Nf6 Rh6 24. Ned5+ Kf8 25. Qd2 Rg6 26. Rae1 Qd6 27.
Qb4 Qxb4 28. Nxb4 Nc4 29. b3 Nd6 30. Nbd5 Bxd5 31. Nxd5 c6 32. Nf6 Kg7 33. Nh5+
Kh6 34. Nf6 Kg7 35. Ng4 Re6 36. Rxe6 fxe6 37. Rd1 Rd8 38. Ne5 Kh6 39. Rd4 Kg5
40. Nf3+ Kf6 41. Nxh4 e5 42. Rd1 e4 43. g4 Ke5 44. Kg2 Rg8 45. Re1 Kf4 46. Kf2
e3+ 47. Ke2 Re8 48. Rf1+ Kg3 49. Nf5+ Nxf5 50. gxf5 Kxh3 51. f6 Kg4 52. f7 Rf8
53. Kxe3 Kg5 54. Kd4 Kg6 55. Kc5 1-0

[Event "29. Grecia ch femenino"]
[Site "Atenas GRE"]
[Date "2006.12.03"]
[Round "9.2"]
[White "Makropoulou, Marina"]
[Black "Sperdokli, Elli"]
[Result "1/2-1/2"]
[WhiteElo "2313"]
[BlackElo "2111"]
[PlyCount "194"]
[EventDate "2006.11.27"]
[EventType "tourn"]
[EventRounds "9"]
[EventCountry "GRE"]
[Source "lmi"]
[SourceDate "2006.11.27"]

1. e4 c5 2. Nf3 d6 3. d4 cxd4 4. Nxd4 Nf6 5. Nc3 a6 6. Bg5 e6 7. f4 Qc7 8. Qf3
b5 9. f5 Nc6 10. Nxc6 Qxc6 11. Bxf6 gxf6 12. fxe6 fxe6 13. Qxf6 Rg8 14. Be2 Be7
15. Qf3 Bd7 16. Qh5+ Kd8 17. Bf3 Kc7 18. O-O-O Raf8 19. Kb1 b4 20. Qa5+ Qb6 21.
Qxb6+ Kxb6 22. Ne2 a5 23. Rd2 Rg5 24. Rhd1 Bc8 25. c3 bxc3 26. Nxc3 Bb7 27.
Rxd6+ Bxd6 28. Rxd6+ Bc6 29. Rxe6 Rg6 30. Re7 Rh6 31. h3 Rxh3 32. gxh3 Rxf3 33.
h4 Rh3 34. Kc2 Rxh4 35. Kd3 h5 36. Kd4 Rh2 37. Rh7 h4 38. b3 h3 39. Nd5+ Bxd5
40. Kxd5 Rd2+ 41. Ke6 h2 42. a4 Kc5 43. e5 Re2 44. Rh4 Kc6 45. Rh5 Kc7 46. Kd5
Rd2+ 47. Kc5 Re2 48. Rh7+ Kd8 49. Kd6 Rd2+ 50. Ke6 Re2 51. Rh8+ Kc7 52. Kf6 Kd7
53. Rh7+ Kd8 54. Ke6 Rd2 55. Rh8+ Kc7 56. Ke7 Re2 57. e6 Rf2 58. Ke8 Kd6 59. e7
Kc7 60. Rh3 Rc2 61. Rh4 Re2 62. Rh6 Rf2 63. Rh4 Re2 64. Rh3 Rc2 65. Kf7 Rf2+
66. Ke6 Re2+ 67. Kf7 Rf2+ 68. Ke8 Rc2 69. Rh4 Re2 70. Rc4+ Kd6 71. Rd4+ Kc7 72.
Rd1 Rc2 73. Rf1 Rg2 74. Rc1+ Kb7 75. Kd8 Rd2+ 76. Ke8 Rg2 77. Rh1 Rf2 78. Kd7
Rd2+ 79. Ke6 Re2+ 80. Kd6 Rd2+ 81. Kc5 Re2 82. Rxh2 Rxe7 83. Rh5 Re3 84. Kc4
Ka6 85. Rh6+ Kb7 86. Rh5 Ka6 87. Rh8 Rg3 88. Rh6+ Kb7 89. Rh4 Ka6 90. b4 axb4
91. Kxb4 Rg1 92. Rh6+ Kb7 93. Rh5 Rg6 94. a5 Ka6 95. Rh4 Kb7 96. Kb5 Rg5+ 97.
Ka4 Rg6 1/2-1/2